Most Populated U.S. Cities by Letter - B - Statistics

General Stats
  • This quiz has been taken 181 times
  • The average score is 11 of 20
Answer Stats
Population State Answer % Correct
676,000 Massachusetts Boston
98%
586,000 Maryland Baltimore
95%
227,000 Louisiana Baton Rouge
93%
236,000 Idaho Boise
92%
201,000 Alabama Birmingham
89%
278,000 New York Buffalo
88%
403,000 California Bakersfield
75%
117,000 Montana Billings
69%
149,000 Connecticut Bridgeport
61%
108,000 Colorado Boulder
52%
99,000 Oregon Bend
48%
152,000 Washington Bellevue
46%
187,000 Texas Brownsville
44%
115,000 Texas Beaumont
40%
124,000 California Berkeley
35%
97,000 Oregon Beaverton
32%
114,000 Oklahoma Broken Arrow
32%
107,000 California Burbank
29%
106,000 Massachusetts Brockton
20%
115,000 Florida Brandon
11%
No matching quizzes found
Score Distribution
Percent of People with Each Score
Percentile by Number Answered
Your Score History
You have not taken this quiz